[Event "4NCL Division Two"]
[Site "Warwick, ENG"]
[Date "2024.01.13"]
[EventDate "2024.01.13"]
[Round "3.17"]
[White "Putar, Lara"]
[WhiteElo "1866"]
[WhiteTeam "Gonzaga"]
[Black "Jaufarally, Nadia"]
[BlackElo "2029"]
[BlackTeam "The ADs"]
[Result "1-0"]

1. d4 Nf6 2. c4 g6 3. e3 Bg7 4. Nf3 d6 5. Nc3 O-O 6. Be2 Nbd7 7. O-O e5 8. e4
Re8 9. d5 Nc5 10. Qc2 a5 11. Be3 b6 12. a3 a4 13. Nd2 Bd7 14. Bxc5 bxc5 15. b4
axb3 16. Nxb3 Ra6 17. a4 h5 18. Nd2 Bh6 19. Rfb1 Qa8 20. Nb5 Rc8 21. Nf3 Kg7
22. Ra3 Nxe4 23. Nxe5 Bf5 24. Nd3 c6 25. Nc3 Nd2 26. Rd1 Nxc4 27. Ra2 cxd5 28.
Bf3 Nb6 29. Qb2 Kg8 30. a5 Rxa5 31. Rxa5 Qxa5 32. Ra1 Nc4 33. Rxa5 Nxb2 34.
Nxb2 Rb8 35. Rb5 Ra8 36. Kf1 Bc1 37. Bxd5 Re8 38. Ncd1 Bd2 39. Ne3 Bxe3 40.
fxe3 Rxe3 41. Rb8+ Kg7 42. Rb7 Be6 43. Bxe6 Rxe6 44. Rd7 Kf6 45. Nc4 Re4 46.
Nd2 Rf4+ 47. Ke2 Ke6 48. Rc7 Kd5 49. Ke3 Rf5 50. g3 g5 51. Ra7 g4 52. Ra4 Re5+
53. Kd3 Re1 54. Rf4 Rh1 55. Nf1 Ke5 56. Ke2 h4 57. Rxg4 hxg3 58. Rxg3 f5 59.
Kf2 f4 60. Ra3 f3 61. Rxf3 Ke4 62. Ng3+ 1-0

[Event "4NCL Division Two"]
[Site "Warwick, ENG"]
[Date "2024.01.13"]
[EventDate "2024.01.13"]
[Round "3.18"]
[White "Walsh, Marcus"]
[WhiteElo "2038"]
[WhiteTeam "The ADs"]
[Black "O'Connor, Eddie"]
[BlackElo "1930"]
[BlackTeam "Gonzaga"]
[Result "1/2-1/2"]

1. e4 e6 2. d4 d5 3. Nc3 dxe4 4. Nxe4 Bd7 5. Nf3 Bc6 6. Bd3 Nd7 7. O-O Ngf6 8.
Re1 Nxe4 9. Bxe4 Bxe4 10. Rxe4 Nf6 11. Re1 Be7 12. Bf4 O-O 13. h3 c6 14. Qe2
Qb6 15. c3 Rad8 16. Rad1 Rfe8 17. Ne5 c5 18. dxc5 Bxc5 19. Nd3 Be7 20. Rb1
1/2-1/2

[Event "4NCL Division Two"]
[Site "Warwick, ENG"]
[Date "2024.01.13"]
[EventDate "2024.01.13"]
[Round "3.21"]
[White "Rees, Ioan"]
[WhiteTitle "FM"]
[WhiteElo "2273"]
[WhiteTeam "The Audible Checks"]
[Black "Payne, Matthew J"]
[BlackElo "2151"]
[BlackTeam "Sussex Martlets 1"]
[Result "1/2-1/2"]

1. d4 Nf6 2. c4 g6 3. Nc3 Bg7 4. e4 d6 5. Be2 O-O 6. h4 c5 7. d5 e6 8. h5 exd5
9. exd5 Re8 10. h6 Bh8 11. Bg5 Qb6 12. b3 Ne4 13. Nxe4 Rxe4 14. Kf1 Nd7 15. Rc1
Re8 16. Nf3 Ne5 17. g3 Bf5 18. Nh4 Bd7 19. Bd2 f5 20. Bc3 Qd8 21. Qd2 Qe7 22.
Kg2 g5 23. Nf3 Nxf3 24. Bxf3 g4 25. Bd1 Bf6 26. Rh5 Qf7 27. Bxf6 Qxh5 28. Bc2
Kf7 29. Bg5 Re2 1/2-1/2

[Event "4NCL Division Two"]
[Site "Warwick, ENG"]
[Date "2024.01.13"]
[EventDate "2024.01.13"]
[Round "3.22"]
[White "Blake, J Morgan"]
[WhiteElo "2111"]
[WhiteTeam "Sussex Martlets 1"]
[Black "Jones, Steven A"]
[BlackElo "2245"]
[BlackTeam "The Audible Checks"]
[Result "0-1"]

1. e4 c5 2. Nf3 Nc6 3. Bb5 Nf6 4. Nc3 Qc7 5. d3 d6 6. O-O e6 7. Bxc6+ Qxc6 8.
e5 dxe5 9. Nxe5 Qc7 10. Bf4 Qd8 11. Qf3 Be7 12. a4 O-O 13. a5 Nd5 14. Bg3 Nxc3
15. bxc3 Qd5 16. Qe3 f6 17. Nc4 Bd7 18. Rfe1 Rae8 19. Rab1 Rf7 20. f3 Bf8 21.
Qe4 Bc6 22. Qxd5 Bxd5 23. Nd6 Bxd6 24. Bxd6 c4 25. d4 g5 26. Kf2 Rg7 27. Bc5 a6
28. g3 g4 29. fxg4 Rxg4 30. Bd6 Kf7 31. Rb6 Rg5 32. Re3 Rf5+ 33. Kg1 Bc6 34.
Rb1 Rxa5 35. Rf1 Rg8 0-1

[Event "4NCL Division Two"]
[Site "Warwick, ENG"]
[Date "2024.01.13"]
[EventDate "2024.01.13"]
[Round "3.23"]
[White "Blackburn, Jonathan L B"]
[WhiteTitle "FM"]
[WhiteElo "2318"]
[WhiteTeam "The Audible Checks"]
[Black "Graham, David B"]
[BlackElo "2163"]
[BlackTeam "Sussex Martlets 1"]
[Result "0-1"]

1. d4 d5 2. c4 c6 3. Nc3 Nf6 4. e3 Bf5 5. cxd5 cxd5 6. Qb3 Bc8 7. Nf3 e6 8. Bd3
Be7 9. O-O O-O 10. Bd2 Nc6 11. Rfc1 Bd7 12. a3 Rc8 13. Qd1 Bd6 14. b4 a6 15.
Qb3 e5 16. dxe5 Nxe5 17. Nxe5 Bxe5 18. f4 Bb8 19. Nxd5 Nxd5 20. Qxd5 Bc6 21.
Qxd8 Rcxd8 22. Rc3 g5 23. g3 gxf4 24. gxf4 Rd6 25. Be1 Ba7 26. Be2 Re8 27. Bf2
Rde6 28. Kf1 Bxe3 29. f5 Re5 30. Bxe3 Rxe3 31. Rxe3 Rxe3 32. Kf2 Rh3 33. Rg1+
Kf8 34. Rg3 Rxh2+ 35. Ke3 Ke7 36. Bc4 Kf6 37. Kd4 h5 38. Rg8 Rh4+ 39. Kc5 Rf4
40. Bd3 Be4 41. Bxe4 Rxe4 42. Kb6 Re3 43. Kxb7 Rxa3 44. Kb6 h4 45. Ra8 Ra4 46.
Kc5 h3 47. Rh8 Ra3 48. Rh7 Kxf5 49. Rxf7+ Kg4 50. Rg7+ Kf3 51. Rh7 Kg2 52. Kb6
h2 53. Rg7+ Rg3 54. Rh7 Rg6+ 0-1

[Event "4NCL Division Two"]
[Site "Warwick, ENG"]
[Date "2024.01.13"]
[EventDate "2024.01.13"]
[Round "3.24"]
[White "Kolani, Arjun"]
[WhiteElo "2198"]
[WhiteTeam "Sussex Martlets 1"]
[Black "Rudd, Jack"]
[BlackTitle "IM"]
[BlackElo "2314"]
[BlackTeam "The Audible Checks"]
[Result "1-0"]

1. e4 c6 2. Nf3 d5 3. Nc3 Bg4 4. h3 Bxf3 5. Qxf3 e6 6. d4 dxe4 7. Qxe4 Nf6 8.
Qd3 Nbd7 9. g3 Nd5 10. Bg2 Be7 11. O-O N7f6 12. a3 Nxc3 13. Qxc3 O-O 14. Qb3
Qd7 15. c4 Rac8 16. a4 Qxd4 17. Qxb7 Qd7 18. Qa6 Bc5 19. Bf4 Bd4 20. Rad1 c5
21. b4 Rfd8 22. b5 Qe7 23. Qb7 Kf8 24. Qxe7+ Kxe7 25. Bb7 e5 26. Bxe5 Bxe5 27.
Bxc8 Rxc8 28. Rfe1 Nd7 29. f4 f6 30. a5 Rc7 31. Rd5 Ke6 32. Rd2 h5 33. Ra2 Kf5
34. fxe5 Nxe5 35. Rc1 Ke4 36. a6 Rc8 37. Kg2 Kd3 38. Ra3+ Kd4 39. Kf1 Re8 40.
Rb3 g5 41. b6 axb6 42. Rxb6 Nxc4 43. Rxf6 Nd2+ 44. Kg2 Ne4 45. Rc6 Rb8 46. Rc2
Rb3 47. Ra2 Rxg3+ 48. Kh2 g4 49. hxg4 hxg4 50. Rh6 1-0

[Event "4NCL Division Two"]
[Site "Warwick, ENG"]
[Date "2024.01.13"]
[EventDate "2024.01.13"]
[Round "3.25"]
[White "Southcott-Moyers, Indy"]
[WhiteElo "2240"]
[WhiteTeam "The Audible Checks"]
[Black "Brewer, Callum D"]
[BlackElo "2129"]
[BlackTeam "Sussex Martlets 1"]
[Result "1/2-1/2"]

1. d4 Nf6 2. c4 e6 3. Nf3 d5 4. Nc3 Be7 5. g3 O-O 6. Bg2 dxc4 7. Ne5 c5 8. dxc5
Qxd1+ 9. Nxd1 Bxc5 10. O-O Nd5 11. Nxc4 Nc6 12. Nde3 Nxe3 13. Bxe3 Bxe3 14.
fxe3 Rb8 15. Rac1 b5 16. Nd6 Ne5 17. Rc7 Bd7 18. Rxa7 h6 19. Rc7 Rb6 20. Rd1
Bc6 21. Bxc6 Nxc6 22. Nc8 Rb8 23. Ne7+ Nxe7 24. Rxe7 Rbc8 25. Rd2 Rc5 26. Rb7
Rf5 27. Rd4 g5 28. e4 Rc5 29. Rb4 Rd8 30. R7xb5 Rd1+ 31. Kf2 Rc2 32. e5 Rdd2
33. Re4 Rxb2 34. Rxb2 Rxb2 35. a4 h5 36. Kf3 Kg7 37. Rd4 Kg6 38. Rd7 Ra2 39.
Ra7 Kf5 40. Rxf7+ Kxe5 41. Ra7 Ra3+ 42. Kf2 Kf5 43. a5 Ra2 44. h3 Ra3 45. a6 h4
46. gxh4 gxh4 47. Ra8 Ke4 48. Rh8 Rxa6 49. Rxh4+ Kf5 50. Kf3 Ra3+ 51. e3 Ra1
52. Rh5+ Kf6 53. Kf4 Kg6 54. Rg5+ Kf6 55. Rg8 Rf1+ 56. Ke4 Rh1 57. Rh8 Kg7 58.
Rh4 Kf6 59. Rf4+ Ke7 60. Rf3 Ra1 61. Rf4 Rh1 62. Rh4 Kf6 63. Rh6+ Kg7 64. Rh4
Kf6 1/2-1/2

[Event "4NCL Division Two"]
[Site "Warwick, ENG"]
[Date "2024.01.13"]
[EventDate "2024.01.13"]
[Round "3.26"]
[White "Rogacewicz, Mikolaj"]
[WhiteElo "2150"]
[WhiteTeam "Sussex Martlets 1"]
[Black "Bullen, Alex"]
[BlackTitle "CM"]
[BlackElo "2254"]
[BlackTeam "The Audible Checks"]
[Result "1/2-1/2"]

1. d4 d5 2. c4 e6 3. Nf3 Nf6 4. g3 Be7 5. Bg2 O-O 6. O-O c6 7. b3 b6 8. Bb2 a5
9. Ne5 Nfd7 10. Nxd7 Nxd7 11. e4 Ba6 12. Nd2 a4 13. Re1 Bb4 14. Rc1 dxc4 15.
bxc4 Ne5 16. Qe2 Bxd2 17. Qxd2 Nxc4 18. Qc3 Nxb2 19. Qxb2 Rc8 20. Qb4 b5 21.
Rc5 Qd7 22. Rec1 Rfd8 23. e5 Bb7 24. Rd1 a3 25. Rc3 c5 26. Rxc5 Rxc5 27. Qxc5
Bxg2 28. Kxg2 Qb7+ 29. Kg1 b4 30. Rb1 Rb8 31. Rb3 h6 32. f3 g5 33. g4 Rc8 34.
Rxb4 Qa6 35. Ra4 Rxc5 36. Rxa6 Rc1+ 37. Kf2 Rc2+ 38. Kg3 Rxa2 39. f4 gxf4+ 40.
Kxf4 Rd2 41. Rxa3 Rxd4+ 42. Kf3 Kg7 43. Ra7 Rd3+ 44. Kf4 Rd4+ 45. Kf3 Rd3+ 46.
Kf4 Rh3 47. Ra2 Kg6 48. Rf2 Ra3 49. Re2 Ra4+ 50. Kg3 Ra3+ 51. Kf4 Ra4+ 1/2-1/2

[Event "4NCL Division Two"]
[Site "Warwick, ENG"]
[Date "2024.01.13"]
[EventDate "2024.01.13"]
[Round "3.27"]
[White "Hng, Mei-Xian Eunice"]
[WhiteTitle "WFM"]
[WhiteElo "2014"]
[WhiteTeam "The Audible Checks"]
[Black "Forster, Matthew"]
[BlackElo "2168"]
[BlackTeam "Sussex Martlets 1"]
[Result "1-0"]

1. Nf3 c5 2. c4 Nc6 3. Nc3 g6 4. e3 Bg7 5. d4 cxd4 6. exd4 d6 7. Be2 Nf6 8. O-O
O-O 9. h3 Re8 10. Bf4 Qb6 11. Qd2 Bf5 12. d5 Nb8 13. Be3 Qd8 14. Nd4 Bd7 15. b4
Na6 16. Rab1 Nc7 17. Bf3 Na6 18. Rfc1 Qc8 19. a4 b6 20. Qa2 Bf5 21. Nxf5 Qxf5
22. Nb5 h5 23. Nd4 Qd7 24. Qd2 Rac8 25. Nb5 Rb8 26. Qa2 Rec8 27. a5 bxa5 28.
Qxa5 Nc7 29. Nxa7 Ra8 30. b5 Rcb8 31. b6 Nce8 32. Bd1 Qf5 33. Qa6 Ne4 34. Bc2
Qe5 35. Bxe4 Qxe4 36. b7 Be5 37. bxa8=Q Rxb1 38. Qxe8+ Kg7 39. Qa5 Qc2 40. Qd2
1-0

[Event "4NCL Division Two"]
[Site "Warwick, ENG"]
[Date "2024.01.13"]
[EventDate "2024.01.13"]
[Round "3.28"]
[White "Graham, Cassie M"]
[WhiteElo "2010"]
[WhiteTeam "Sussex Martlets 1"]
[Black "Taylor, William J"]
[BlackElo "2101"]
[BlackTeam "The Audible Checks"]
[Result "1/2-1/2"]

1. e4 e5 2. Nf3 Nf6 3. Nxe5 Nxe4 4. d4 d5 5. Bd3 Nd7 6. Nxd7 Bxd7 7. Be3 Bd6 8.
Nc3 Nxc3 9. bxc3 O-O 10. Qh5 g6 11. Qf3 c6 12. O-O Be6 13. Bf4 b5 14. Rfb1 a6
15. Re1 Bxf4 16. Qxf4 Qa5 17. h4 Qxc3 18. h5 c5 19. dxc5 Rfe8 20. Rab1 Qxc5 21.
Re3 Rad8 22. Rg3 Qd6 23. Qh6 Qf8 24. Qf4 Qd6 25. Qh6 Qf8 26. Qf4 1/2-1/2

[Event "4NCL Division Two"]
[Site "Warwick, ENG"]
[Date "2024.01.13"]
[EventDate "2024.01.13"]
[Round "3.31"]
[White "Bowcott-Terry, Finlay"]
[WhiteElo "2303"]
[WhiteTeam "Warwickshire Select 1"]
[Black "Merry, Alan B"]
[BlackTitle "IM"]
[BlackElo "2437"]
[BlackTeam "Barbican 4NCL"]
[Result "0-1"]

1. e4 c6 2. d4 d5 3. Nc3 dxe4 4. Nxe4 Bf5 5. Ng3 Bg6 6. h4 h6 7. Nh3 Nf6 8. Nf4
Bh7 9. Bc4 e6 10. Ngh5 Nbd7 11. c3 Rg8 12. Qe2 Bd6 13. Bd3 Bxd3 14. Nxd3 Qa5
15. Nxf6+ Nxf6 16. Ne5 Qd5 17. Qf3 Bxe5 18. Qxd5 cxd5 19. dxe5 Nd7 20. Bf4 Rc8
21. O-O-O Ke7 22. Rd4 b5 23. Rhd1 a5 24. Kb1 Rc4 25. Bg3 h5 26. a4 Rxa4 27.
Rxa4 bxa4 28. Rd4 Nb6 29. Bf4 Nc4 30. Bc1 Rb8 31. Kc2 Kd7 32. g4 Rh8 33. g5 Kc6
34. Rf4 Rf8 35. Rd4 Kb5 36. f4 g6 37. Kb1 Rc8 38. Kc2 Nb6 39. Be3 Rc4 40. Rxc4
Nxc4 41. Bd4 Nb6 42. Bxb6 Kxb6 43. Kd3 Kc5 0-1

[Event "4NCL Division Two"]
[Site "Warwick, ENG"]
[Date "2024.01.13"]
[EventDate "2024.01.13"]
[Round "3.32"]
[White "Taylor, Martin R"]
[WhiteTitle "FM"]
[WhiteElo "2353"]
[WhiteTeam "Barbican 4NCL"]
[Black "Baker, Chris W"]
[BlackTitle "IM"]
[BlackElo "2264"]
[BlackTeam "Warwickshire Select 1"]
[Result "1/2-1/2"]

1. d4 Nf6 2. c4 g6 3. Nc3 d5 4. Nf3 Bg7 5. Qb3 dxc4 6. Qxc4 a6 7. e4 b5 8. Qb3
Bb7 9. e5 Nd5 10. Be2 c5 11. dxc5 Nd7 12. c6 Bxc6 13. Nxd5 Nc5 14. Qc2 Qxd5 15.
O-O Ne6 16. Rd1 Qc5 17. Qxc5 Nxc5 18. Be3 Ne6 19. Nd4 Nxd4 20. Bxd4 O-O 1/2-1/2

[Event "4NCL Division Two"]
[Site "Warwick, ENG"]
[Date "2024.01.13"]
[EventDate "2024.01.13"]
[Round "3.33"]
[White "Shearsby, Jude"]
[WhiteElo "2221"]
[WhiteTeam "Warwickshire Select 1"]
[Black "Pigott, John C"]
[BlackTitle "IM"]
[BlackElo "2314"]
[BlackTeam "Barbican 4NCL"]
[Result "0-1"]

1. e4 c5 2. Nf3 d6 3. d4 cxd4 4. Nxd4 Nf6 5. Nc3 a6 6. Be3 e5 7. Nb3 Be6 8. Qd2
Nbd7 9. f3 h5 10. Nd5 Bxd5 11. exd5 g6 12. Na5 Qc7 13. Rc1 b6 14. Nc6 Bg7 15.
c4 e4 16. fxe4 Nxe4 17. Qc2 Ndf6 18. Bd3 O-O 19. O-O Ng4 20. Rce1 Nc5 21. Bxc5
dxc5 22. g3 Rae8 23. Qd2 Bh6 24. Qc3 Bg7 25. Qd2 Bh6 26. Qc3 f5 27. Bb1 Be3+
28. Kg2 h4 29. Qc2 hxg3 30. hxg3 Bf2 31. Qc3 Bxe1 32. Rxe1 Qh7 33. Rh1 Re2+ 34.
Kg1 Rh2 35. Qf3 Re8 0-1

[Event "4NCL Division Two"]
[Site "Warwick, ENG"]
[Date "2024.01.13"]
[EventDate "2024.01.13"]
[Round "3.34"]
[White "Pert, Max"]
[WhiteElo "2182"]
[WhiteTeam "Barbican 4NCL"]
[Black "Pitcher, John"]
[BlackElo "2304"]
[BlackTeam "Warwickshire Select 1"]
[Result "0-1"]

1. d4 d5 2. Bf4 c5 3. e3 Nc6 4. Nc3 cxd4 5. exd4 Bf5 6. Nf3 e6 7. Bd3 Bxd3 8.
Qxd3 Bd6 9. Ne5 Nge7 10. Nxc6 Nxc6 11. Bg3 Rc8 12. a3 O-O 13. Bxd6 Qxd6 14. O-O
Na5 15. f4 Nc4 16. Rab1 g6 17. Nd1 Qc7 18. c3 b5 19. Ne3 a5 20. Ng4 Rb8 21. f5
exf5 22. Nf6+ Kg7 23. Nxd5 Qc6 24. Nf4 Rfe8 25. Rf2 Re3 26. Qd1 Rbe8 27. d5 Qc5
28. a4 bxa4 29. Qd4+ Qxd4 30. cxd4 Re1+ 31. Rf1 Rxf1+ 32. Rxf1 Nxb2 33. Rc1 g5
34. Nh3 h6 35. g3 Re4 36. Rc5 a3 37. Rxa5 Nc4 38. Ra4 Rxd4 39. Nf2 Kf6 40. Ra6+
Ke5 41. Rxh6 Nd6 42. Rh8 Ra4 43. Nd3+ Kxd5 44. Nc1 a2 45. Nxa2 Rxa2 46. h4 gxh4
47. gxh4 Ke5 48. h5 Kf6 49. h6 Kg6 50. h7 Ne4 0-1

[Event "4NCL Division Two"]
[Site "Warwick, ENG"]
[Date "2024.01.13"]
[EventDate "2024.01.13"]
[Round "3.35"]
[White "Valdepenas Octavio, Javier"]
[WhiteElo "2228"]
[WhiteTeam "Warwickshire Select 1"]
[Black "Sowray, Peter J"]
[BlackTitle "FM"]
[BlackElo "2169"]
[BlackTeam "Barbican 4NCL"]
[Result "0-1"]

1. e4 e5 2. Nf3 Nc6 3. Bb5 a6 4. Ba4 d6 5. c3 f5 6. exf5 Bxf5 7. O-O Bd3 8. Re1
Be7 9. Re3 e4 10. Nd4 Qd7 11. Nxc6 bxc6 12. Bc2 Bxc2 13. Qxc2 Nf6 14. d3 d5 15.
Nd2 Bc5 16. Re2 O-O 17. Nf1 Ng4 18. Be3 Nxe3 19. Nxe3 Rae8 20. d4 Bd6 21. c4
Qf7 22. Nf1 Re6 23. c5 Bf4 24. a4 Rf6 25. Ra3 Bg5 26. b4 Rf4 27. g3 Rf5 28. Rb3
h5 29. Ne3 Rf3 30. h4 Bh6 31. Ng2 Qf5 32. Rc3 Qh3 33. Ne1 Qg4 34. Rxf3 exf3 35.
Re7 Bf4 36. Qd3 Bxg3 37. fxg3 Qxg3+ 38. Kf1 Qh3+ 39. Kf2 Qxh4+ 40. Kf1 Qxe7 0-1

[Event "4NCL Division Two"]
[Site "Warwick, ENG"]
[Date "2024.01.13"]
[EventDate "2024.01.13"]
[Round "3.36"]
[White "Navarro Cia, Miguel"]
[WhiteTitle "FM"]
[WhiteElo "2239"]
[WhiteTeam "Barbican 4NCL"]
[Black "Shephard, Chris C W"]
[BlackElo "2153"]
[BlackTeam "Warwickshire Select 1"]
[Result "0-1"]

1. d4 Nf6 2. Bg5 Ne4 3. Bf4 c5 4. f3 Qa5+ 5. c3 Nf6 6. Nd2 cxd4 7. Nb3 Qd8 8.
Bxb8 Rxb8 9. Qxd4 a6 10. Qa7 Qc7 11. e4 Kd8 12. O-O-O b6 13. Qxc7+ Kxc7 14. e5
Ne8 15. Nh3 h6 16. Bc4 e6 17. Rhe1 d6 18. f4 Be7 19. Nf2 g6 20. Be2 Bb7 21. g3
Rd8 22. Nd4 Ng7 23. Bg4 dxe5 24. fxe5 h5 25. Bh3 Nf5 26. Kc2 Bc5 27. Bxf5 gxf5
28. b4 Bxd4 29. Rxd4 Rxd4 30. cxd4 h4 31. Kd2 hxg3 32. hxg3 Rh2 33. Rc1+ Kd7
34. Ke3 Rg2 35. Rc2 Rxg3+ 36. Kf4 Rg1 37. a4 Ra1 38. a5 bxa5 39. Nd3 Bd5 40.
Nc5+ Ke7 41. Nxa6 a4 42. Rc7+ Kf8 43. Nc5 Rf1+ 44. Kg5 Rg1+ 45. Kf4 Rg4+ 46.
Ke3 f4+ 47. Kd3 Rg3+ 48. Kd2 a3 49. Nd7+ Kg7 50. Nf6 a2 51. Ra7 Rg1 52. Nxd5
exd5 53. e6 a1=Q 0-1

[Event "4NCL Division Two"]
[Site "Warwick, ENG"]
[Date "2024.01.13"]
[EventDate "2024.01.13"]
[Round "3.37"]
[White "Fallowfield, Jeremy R"]
[WhiteElo "2187"]
[WhiteTeam "Warwickshire Select 1"]
[Black "Stock, Tobias W"]
[BlackElo "1991"]
[BlackTeam "Barbican 4NCL"]
[Result "1-0"]

1. e4 d6 2. d4 Nf6 3. Nc3 e5 4. Nf3 Nbd7 5. Bc4 Be7 6. O-O O-O 7. Re1 c6 8. a4
h6 9. h3 b6 10. Be3 Bb7 11. Ba2 Qc7 12. Nh4 exd4 13. Bxd4 Ne5 14. f4 Ne8 15.
Nf5 Ng6 16. Qh5 Kh7 17. Bxg7 Bc8 18. Qxh6+ Kg8 19. Qxg6 Bxf5 20. exf5 1-0

[Event "4NCL Division Two"]
[Site "Warwick, ENG"]
[Date "2024.01.13"]
[EventDate "2024.01.13"]
[Round "3.38"]
[White "Regan, Natasha K"]
[WhiteTitle "WIM"]
[WhiteElo "1978"]
[WhiteTeam "Barbican 4NCL"]
[Black "Dicen, Elis Denele"]
[BlackElo "2118"]
[BlackTeam "Warwickshire Select 1"]
[Result "1-0"]

1. Nf3 d5 2. c4 e6 3. b3 Nf6 4. g3 Be7 5. Bg2 O-O 6. Bb2 c5 7. O-O Nc6 8. e3 d4
9. exd4 cxd4 10. Re1 a5 11. a3 Re8 12. d3 Bc5 13. Ne5 Nxe5 14. Rxe5 Qd6 15. Qe1
Bd7 16. Nd2 Rab8 17. Bc1 Bc6 18. Nf3 Ra8 19. h4 Nd7 20. Re2 e5 21. Bd2 Qf6 22.
Ng5 Bxg2 23. Kxg2 Qc6+ 24. f3 h6 25. Ne4 f5 26. Nf2 b5 27. Bxa5 bxc4 28. bxc4
Ra6 29. Bb4 Rea8 30. Rb1 R6a7 31. h5 Re8 32. Rb3 Kh7 33. Bxc5 Nxc5 34. Rb5 Rae7
35. Qb4 Nxd3 36. Nxd3 e4 37. Kf2 Re6 38. Nf4 Rf6 39. Qc5 Qd7 40. Qd5 Qa7 41.
Qc5 Qa8 42. Nd5 Rc6 43. Qxd4 Qxa3 44. Ne3 exf3 45. Kxf3 Rf6 46. Rd5 Re4 47. Qd3
Qc1 48. Rxf5 Qh1+ 49. Rg2 Rxf5+ 50. Nxf5 Re1 51. Ne7+ Kh8 52. Qd8+ Kh7 53. Qg8#
1-0

[Event "4NCL Division Two"]
[Site "Warwick, ENG"]
[Date "2024.01.13"]
[EventDate "2024.01.13"]
[Round "3.41"]
[White "Atako, Chino C"]
[WhiteElo "2140"]
[WhiteTeam "Cambridge University 2"]
[Black "Dong, Bao Nghia"]
[BlackTitle "FM"]
[BlackElo "2357"]
[BlackTeam "The Sharks 2"]
[Result "0-1"]

1. Nf3 g6 2. g3 Bg7 3. Bg2 d5 4. O-O e6 5. d4 Ne7 6. Nbd2 Nbc6 7. c3 O-O 8. e4
b5 9. Re1 Bb7 10. e5 a5 11. Nb3 Nb8 12. Nc5 Bc6 13. Bg5 h6 14. Bf6 Nd7 15. Bxg7
Kxg7 16. Nd3 Qb8 17. a3 Qa7 18. Qd2 Bb7 19. Qf4 Ng8 20. b4 Qb6 21. h4 Qc6 22.
Nc5 axb4 23. axb4 Nxc5 24. bxc5 Ra4 25. Bf1 Rfa8 26. Rab1 Ba6 27. h5 gxh5 28.
Qh4 b4 29. Bxa6 Qxa6 30. cxb4 Qb5 31. Qxh5 Rxb4 32. Qg4+ Kf8 33. Rxb4 Qxb4 34.
Qf4 Ra3 35. Rf1 Qb2 36. Kg2 Ke8 37. Qg4 Ne7 38. Qg7 Nf5 39. Qg8+ Ke7 40. Qc8
Qe2 41. Qxc7+ Kf8 42. Qd8+ Kg7 43. Qf6+ Kg8 44. Rb1 Qxf3+ 45. Kg1 Ra8 46. c6
Qe4 47. Rd1 Qc2 48. Rf1 Qxc6 49. g4 Nxd4 50. Qxh6 Nf3+ 51. Kg2 d4 52. Kg3 Ra3
0-1

[Event "4NCL Division Two"]
[Site "Warwick, ENG"]
[Date "2024.01.13"]
[EventDate "2024.01.13"]
[Round "3.42"]
[White "Price, Gwilym"]
[WhiteElo "2260"]
[WhiteTeam "The Sharks 2"]
[Black "Lee, Richard W Y"]
[BlackElo "2133"]
[BlackTeam "Cambridge University 2"]
[Result "1-0"]

1. e4 e5 2. Nc3 Nf6 3. Bc4 Nxe4 4. Qh5 Nd6 5. Bb3 Be7 6. Qxe5 O-O 7. d4 Nc6 8.
Qf4 Re8 9. Nge2 Bf6 10. O-O b6 11. Be3 Ba6 12. Rfe1 Nc4 13. Nd5 Rc8 14. Ng3
Nxe3 15. Nxf6+ Qxf6 16. Qxf6 gxf6 17. fxe3 Kg7 18. c3 Bd3 19. e4 Na5 20. Nh5+
Kh6 21. Nxf6 Re7 22. Re3 Nxb3 23. axb3 Bb5 24. c4 Bc6 25. Rf1 Kg7 26. Rg3+ Kh8
27. d5 1-0

[Event "4NCL Division Two"]
[Site "Warwick, ENG"]
[Date "2024.01.13"]
[EventDate "2024.01.13"]
[Round "3.43"]
[White "Borrowdale, Graham E"]
[WhiteElo "1924"]
[WhiteTeam "Cambridge University 2"]
[Black "Lentzos, Ioanis"]
[BlackElo "2212"]
[BlackTeam "The Sharks 2"]
[Result "0-1"]

1. c4 c6 2. Nf3 d5 3. d4 Nf6 4. Nc3 e6 5. e3 Nbd7 6. Bd3 dxc4 7. Bxc4 b5 8. Bd3
Bd6 9. O-O O-O 10. e4 e5 11. Bg5 h6 12. Bxf6 Qxf6 13. d5 b4 14. dxc6 bxc3 15.
cxd7 Bxd7 16. bxc3 Rac8 17. Qd2 Bg4 18. Be2 Rfd8 19. Rfd1 Bb4 20. cxb4 Rxd2 21.
Rxd2 Rc3 22. Rad1 Ra3 23. Rd8+ Kh7 24. R8d6 Qf4 25. h3 Be6 26. g3 Qf6 27. Kg2
Rxa2 28. Bc4 Ra3 29. Nh4 Qe7 30. Bxe6 fxe6 31. Rd7 Qxb4 32. Rf7 Qxe4+ 33. Kh2
Rd3 34. Ra1 Qd4 35. Raxa7 e4 36. Ng2 Rd2 37. Kg1 Rd1+ 38. Kh2 Rf1 39. Rad7 Qa1
40. g4 Qe5+ 0-1

[Event "4NCL Division Two"]
[Site "Warwick, ENG"]
[Date "2024.01.13"]
[EventDate "2024.01.13"]
[Round "3.44"]
[White "Milson, Samuel A"]
[WhiteElo "2180"]
[WhiteTeam "The Sharks 2"]
[Black "Gooding, Ian"]
[BlackElo "1923"]
[BlackTeam "Cambridge University 2"]
[Result "1-0"]

1. e4 e6 2. d4 d5 3. Nc3 Bb4 4. exd5 exd5 5. Bd3 Ne7 6. Qh5 Nbc6 7. a3 Bd6 8.
Nf3 g6 9. Qh6 Nf5 10. Bxf5 Bxf5 11. Nxd5 Bf8 12. Qe3+ Be6 13. Nc3 Ne7 14. Qe5
Rg8 15. Nb5 Rc8 16. Bf4 Nd5 17. Bg5 Bg7 18. Qe2 Qd7 19. c4 Ne7 20. d5 Bg4 21.
O-O-O Bxf3 22. gxf3 f6 23. Bf4 Qf5 24. Nxc7+ Rxc7 25. Bxc7 Bh6+ 26. f4 Kf7 27.
Qe6+ Qxe6 28. dxe6+ Kxe6 29. Rhe1+ Kf7 30. Rd7 Re8 31. Bd6 1-0

[Event "4NCL Division Two"]
[Site "Warwick, ENG"]
[Date "2024.01.13"]
[EventDate "2024.01.13"]
[Round "3.45"]
[White "Webster, Peter A N"]
[WhiteElo "1911"]
[WhiteTeam "Cambridge University 2"]
[Black "Birtwistle, Nigel"]
[BlackElo "2147"]
[BlackTeam "The Sharks 2"]
[Result "1/2-1/2"]

1. e4 c5 2. c3 g6 3. d4 cxd4 4. cxd4 d5 5. e5 Nc6 6. h3 Bg7 7. f4 h5 8. Nf3 Bf5
9. Nc3 e6 10. Bb5 Nge7 11. Qe2 a6 12. Bxc6+ Nxc6 13. a3 Rc8 14. O-O Bf8 15. Be3
Be7 16. Ng5 h4 17. Rac1 Na5 18. Na4 Nc4 19. Rfd1 Kf8 20. Nc5 Rc7 21. Nf3 Kg7
22. a4 Qc8 23. Bf2 b6 24. Nd3 Be4 25. Rc3 Bxd3 26. Rdxd3 1/2-1/2

[Event "4NCL Division Two"]
[Site "Warwick, ENG"]
[Date "2024.01.13"]
[EventDate "2024.01.13"]
[Round "3.46"]
[White "McCarthy, Kevin C"]
[WhiteElo "2016"]
[WhiteTeam "The Sharks 2"]
[Black "Camp, Imogen A L"]
[BlackTitle "WCM"]
[BlackElo "1829"]
[BlackTeam "Cambridge University 2"]
[Result "1/2-1/2"]

1. d4 d5 2. Nc3 Nf6 3. Bf4 c6 4. e3 Bf5 5. f3 e6 6. g4 Bg6 7. h4 h6 8. h5 Bh7
9. Bd3 Bd6 10. Nge2 Qc7 11. Bxh7 Nxh7 12. Bxd6 Qxd6 13. f4 Nd7 14. Rg1 Qe7 15.
Ng3 Nb6 16. b3 Nc8 17. a3 Nd6 18. Qf3 f6 19. e4 dxe4 20. Ngxe4 O-O-O 21. Nc5 e5
22. Qe3 Rhe8 23. O-O-O exf4 24. Qxf4 Qe3+ 25. Qxe3 Rxe3 26. Kd2 Rde8 27. Rde1
Rxe1 28. Rxe1 Rxe1 29. Kxe1 Ng5 30. Kf2 b6 31. Nd3 Kd7 32. Ke3 f5 33. Ne5+ Kc7
34. Ne2 fxg4 35. Nxg4 Ne6 36. c3 b5 37. Ne5 a5 38. Ng3 1/2-1/2

[Event "4NCL Division Two"]
[Site "Warwick, ENG"]
[Date "2024.01.13"]
[EventDate "2024.01.13"]
[Round "3.47"]
[White "Lim, Mark"]
[WhiteElo "1777"]
[WhiteTeam "Cambridge University 2"]
[Black "Murphy, Hugh W"]
[BlackElo "2088"]
[BlackTeam "The Sharks 2"]
[Result "0-1"]

1. d4 Nf6 2. Nf3 d5 3. c4 e6 4. cxd5 exd5 5. Nc3 c6 6. Qc2 Be7 7. Bg5 g6 8.
Bxf6 Bxf6 9. e3 Bf5 10. Bd3 Bxd3 11. Qxd3 O-O 12. h4 h6 13. O-O-O Nd7 14. g4
Bg7 15. Nd2 b5 16. f4 b4 17. Ne2 c5 18. Kb1 c4 19. Nxc4 dxc4 20. Qxc4 Qe7 21.
Rh3 Qe4+ 22. Ka1 Rac8 23. Qxb4 Qc2 24. Qd2 Nf6 25. Nc3 Qxd2 26. Rxd2 Nxg4 27.
h5 Rfe8 28. a3 Rxe3 29. Rh4 gxh5 30. Rxh5 Kf8 31. Ra5 Rf3 32. Rxa7 Rxf4 33. Ne2
Rf6 34. Ng3 Rd6 35. d5 Ne3 36. Rf2 Rf6 37. Rd2 Nc4 38. Rc2 Rb6 39. Nf5 Be5 40.
Nxh6 Rxh6 41. Ka2 Bxb2 42. Ra4 Bxa3 43. Rxa3 Rd6 44. Ra4 Nb6 45. Rxc8+ Nxc8 46.
Ra8 Rd8 47. Kb3 Ke7 48. Kc3 Nb6 49. Ra7+ Rd7 50. d6+ Kxd6 51. Ra6 Kc6 52. Ra1
f5 53. Rf1 Rd5 54. Rf4 Kd6 55. Rb4 Kc5 56. Rf4 Kd6 57. Rb4 Nd7 58. Rh4 Ke5 59.
Kc4 Nf6 60. Rh8 Rd7 61. Rh1 f4 62. Re1+ Ne4 63. Rh1 Rd4+ 64. Kb3 f3 65. Kc2 Kf4
66. Rd1 Rxd1 67. Kxd1 Ke3 68. Ke1 f2+ 69. Kf1 Nd2+ 70. Kg2 f1=Q+ 0-1